000 00647nam a22001451 4500
082 0 0 _a721.2
_bCUR
_cL-14, P-99
100 1 _aGatz, Konrad.
_945781
245 1 0 _aCurtain wall construction.
_cEditor-in-chief: Konrad Gatz, in collaboration with Hans-Jürgen Meier-Menzel and Fritz Hierl. [Text contributions by G. Schellbach and others. Translated by David Stern and Felix G. Winkler].
260 _aNew York,
_bPraeger
_c[1967, c1965]
300 _a174 p.
_billus. (part col.), plans.
_c31 cm.
500 _aTranslation of Aussenwandkonstruktionen.
526 _a0
_b0
_c0
_d721_200000000000000_CUR
650 0 _aCurtain walls.
_945782
942 _2ddc
_cBK
999 _c549236
_d549236